000 00925ata a2200373 4500
005 20260223173245.0
008 150521b2005 xxu||||| |||| 00| 0 spa d
020 _a9875920274
041 _aESP
082 _a364 J61c7
100 _aJiménez de Asua, Luis
_914365
245 _aCrónica del crimen
250 _a7 edición
260 _aArgentina
260 _bLexisNexis
260 _c2005
300 _a369 páginas
490 _aInvestigación Criminal
650 _aCRIMINOLOGÍA
650 _aCRIMEN
650 _aDELINCUENTES
650 _aERROR JUDICIAL
650 _aDELITOS
650 _aCRÍMENES PASIONALES
650 _aCRíMENES MISTERIOSOS
650 _aCRÍMENES SENSACIONALES
650 _aCRÍMENES ALIENADOS
650 _aMATONISMO
650 _aINCENDIOS
650 _aMUERTES DE DEPORTISTAS
650 _aFILANTROPíA
650 _aBILLETES FALSOS
942 _cBK
_2ddc
999 _c5865
_d5865